• 首页
  • 本馆介绍
  • 公告通知
  • 最新文献
  • 馆藏检索
  • 电子资源
  • 读者导购
  • 参考咨询
  • 我的图书馆
  • 登录
  • 详细信息显示
  • 放入我的书架
  • 预约/预借图书
  • 作者相关作品
  • 分类相关作品
  • 丛书相关作品
  • 出版社相关作品

书目信息

  • 表格格式
  • 工作单格式
  • 卡片格式
题名:
敦煌文献语言词典
    
 
作者: 蒋礼鸿
分册:  
出版信息: 杭州   杭州大学出版社  34578
页数: 433页
开本: 20cm
丛书名:
单 册:
中图分类: H177
科图分类:
主题词: 汉语方言
电子资源:
ISBN: 7-81035-643-7
000 00513nam0 2200181 450
001 0728815141
005 20070819080015.14
010    @a7-81035-643-7@d¥45.00
100    @a20070819d km y0chiy0120 ea
101 0  @achi
200 1  @a敦煌文献语言词典@Adun huang wen xian yu yan ci dian@f蒋礼鸿@Fjiang li hong
210    @a杭州@c杭州大学出版社@d34578
215    @a433页@d20cm
606 0  @a汉语方言
690    @aH177@v3
701  0 @a蒋礼鸿@Ajiang li hong
801  0 @aCN@bPFT@c20070819
905    @a213230@dH177@eZW28@f1
    
    敦煌文献语言词典/蒋礼鸿.-杭州:杭州大学出版社,34578
    433页;20cm
    
    
    ISBN 7-81035-643-7:¥45.00
    
●
相关链接 在E读中查询图书 在五车中查询图书 在当当中查询图书 在豆瓣中查询图书


正题名:敦煌文献语言词典     索取号:H177/ZW28         预约/预借

序号 登录号 条形码 馆藏地/架位号 状态 备注
1 7604343   276043434   密集书库-文学院/ [索取号:H177/ZW28] 在馆    
唐山师范学院图书馆 欢迎您!
大连网信软件有限公司© 版权所有